[Event "DRUGA LIGA SRBIJE-GRUPA VOJVODINA 2016"]
[Site "Kac"]
[Date "2016.11.15"]
[Round "1.6"]
[White "Remecki, Sinisa"]
[Black "Jesenski, Tibor"]
[Result "1/2-1/2"]
[WhiteElo "2188"]
[BlackElo "2345"]
[PlyCount "132"]
[EventDate "2016.11.15"]

1. d4 d5 2. Nc3 Bf5 3. Bf4 e6 4. e3 Bd6 5. Bd3 Bxf4 6. exf4 Ne7 7. Nf3 Qd6 8.
Bxf5 Nxf5 9. Qd2 c5 10. O-O Nxd4 11. Nxd4 cxd4 12. Nb5 Qb6 13. Nxd4 Nc6 14.
Nxc6 bxc6 15. b3 O-O 16. Rfe1 a5 17. f5 exf5 18. Re5 a4 19. Rae1 axb3 20. axb3
g6 21. Rxf5 Rfe8 22. Rfe5 Rxe5 23. Rxe5 Ra1+ 24. Re1 Qd4 25. Qe2 Kg7 26. g3 Ra2
27. Rc1 Qb2 28. Qe3 h5 29. h4 c5 30. Rf1 c4 31. bxc4 dxc4 32. c3 Qe2 33. Qd4+
Kh7 34. Qf6 Ra7 35. Rb1 Qe4 36. Rd1 Rb7 37. Kh2 Qe7 38. Qxe7 Rxe7 39. Rd4 Rc7
40. Kg2 Kg7 41. Rd6 Kf8 42. Kf3 Ke7 43. Rd5 Ra7 44. Rc5 Ra4 45. Ke4 Kd6 46.
Rd5+ Ke6 47. Kd4 f6 48. Rc5 Ra2 49. Ke3 Ra4 50. Ke4 Ra2 51. Rc6+ Ke7 52. f3 Rg2
53. Kf4 g5+ 54. hxg5 fxg5+ 55. Kxg5 Rxg3+ 56. Kf4 Rg2 57. Rc7+ Kf6 58. Rxc4 h4
59. Rc6+ Kf7 60. Rh6 Rc2 61. Rxh4 Rxc3 62. Rh6 Rc5 63. Ra6 Rb5 64. Kg4 Rc5 65.
f4 Rb5 66. f5 Rb1 1/2-1/2

[Event "DRUGA LIGA SRBIJE-GRUPA VOJVODINA 2016"]
[Site "Kac"]
[Date "2016.11.15"]
[Round "1.6"]
[White "Kumic, Filip"]
[Black "Torbica, Milos"]
[Result "1-0"]
[WhiteElo "2313"]
[BlackElo "2237"]
[PlyCount "43"]
[EventDate "2016.11.15"]

1. Nf3 d5 2. d4 Nf6 3. c4 c6 4. Qc2 e6 5. e3 Be7 6. Nc3 O-O 7. Be2 a6 8. O-O
Nbd7 9. a4 b6 10. e4 dxe4 11. Nxe4 Bb7 12. Bf4 Nxe4 13. Qxe4 Nf6 14. Qc2 c5 15.
Rfd1 Qc8 16. a5 Qc6 17. Qb3 bxa5 18. d5 exd5 19. Ne5 Qc8 20. cxd5 Rd8 21. d6
Bxd6 22. Nxf7 1-0

[Event "DRUGA LIGA SRBIJE-GRUPA VOJVODINA 2016"]
[Site "Kac"]
[Date "2016.11.15"]
[Round "1.6"]
[White "Kostic, Filip"]
[Black "Arbutina, Sinisa"]
[Result "1/2-1/2"]
[WhiteElo "2185"]
[BlackElo "2356"]
[PlyCount "153"]
[EventDate "2016.11.15"]

1. d4 d5 2. c4 c6 3. cxd5 cxd5 4. Nc3 Nf6 5. Bf4 Nc6 6. e3 a6 7. Bd3 e6 8. Nf3
Bd6 9. Bg3 O-O 10. Ne5 Bxe5 11. dxe5 Nd7 12. f4 b5 13. Qh5 f5 14. exf6 Nxf6 15.
Qh4 b4 16. Ne2 Qb6 17. Bf2 Ne4 18. Ng3 b3 19. O-O Nb4 20. Bxe4 dxe4 21. Nxe4
Nc2 22. Rac1 Bb7 23. Nc3 Rad8 24. e4 Qb4 25. a3 Qc4 26. Rcd1 Rxd1 27. Rxd1 Qc7
28. Qg4 Bc8 29. g3 Qc6 30. Qg5 Qc7 31. h4 Nxa3 32. Bc5 h6 33. Qh5 Nc4 34. Bxf8
Kxf8 35. Qe2 Bb7 36. f5 Qxg3+ 37. Qg2 Qxg2+ 38. Kxg2 Ne3+ 39. Kg3 Nxd1 40. Nxd1
Bxe4 41. fxe6 Bd5 42. Kf4 Bxe6 43. Ke5 Ke7 44. Nc3 a5 45. Na4 Bd7 46. Nc3 Bc6
47. Ne2 a4 48. Nd4 Bd7 49. Ne2 g5 50. hxg5 hxg5 51. Nc3 g4 52. Nd5+ Kf7 53. Kf4
Ke6 54. Nc3 Kd6 55. Nxa4 Kc6 56. Nc3 Kc5 57. Ke4 Kc4 58. Ne2 Bc6+ 59. Ke3 Bf3
60. Ng3 Kd5 61. Nh5 Ke5 62. Ng3 Bd5 63. Nf1 Kf5 64. Ng3+ Kg5 65. Nf1 Kh4 66.
Kf4 Kh3 67. Ng3 Bf3 68. Nf5 Bd1 69. Ng3 Kg2 70. Ne4 Bf3 71. Ng3 Kf2 72. Nf5 Be2
73. Ng3 Bf3 74. Nf5 Bd5 75. Ng3 Be6 76. Ne4+ Ke2 77. Nc5 1/2-1/2